Naruto - Hokage (par image) - Statistiques

Statistiques générales
  • Ce quiz a été pris 86 fois
  • Le résultat moyen est 8 sur 8
Statistiques - réponses
Par images Réponse % Correct
Naruto Uzumaki
100%
Tsunade
100%
Kakashi Hatake
99%
Minato Namikaze
99%
Hashirama Senju
96%
Tobirama Senju
96%
Hiruzen Sarutobi
93%
Shikamaru Nara
93%
Aucun quiz correspondant
Distribution des résultats
% des personnes avec chaque résultat
Percentile par nombre de réponses
Votre historique - résultats
Vous n’avez pas pris ce quiz